Countries Bordering Italy - Sudden Death - Statistics

General Stats
  • This quiz has been taken 852 times
  • The average score is 4 of 6
Answers on the Grid
Answers color-coded by a green-red scale on the quiz's grid according to % correct below.
Vatican City
Austria
San Marino
Slovenia
Switzerland
France
Germany
Spain
Portugal
Croatia
Czech Republic
Poland
Liechtenstein
Andorra
Malta
Tunisia
Cyprus
Turkey
Greece
Albania
 
Answer Stats
Answer % Correct
Vatican City
82%
San Marino
77%
Switzerland
75%
France
71%
Austria
65%
Slovenia
64%
No matching quizzes found
Score Distribution
Percent of People with Each Score
Percentile by Number Answered
Your Score History
You have not taken this quiz